2012 European logistics and industrial market report (Record no. 114675)
[ view plain ]
| 000 -LEADER | |
|---|---|
| fixed length control field | 01258cad a22002175a 4500 |
| 001 - CONTROL NUMBER | |
| control field | L157248 |
| 008 - FIXED-LENGTH DATA ELEMENTS--GENERAL INFORMATION | |
| fixed length control field | 121005s2012 xxk f 000 0 eng d |
| 035 ## - SYSTEM CONTROL NUMBER | |
| System control number | (Sirsi) u157248 |
| 041 0# - LANGUAGE CODE | |
| Language code of text/sound track or separate title | eng |
| 110 2# - MAIN ENTRY--CORPORATE NAME | |
| Corporate name or jurisdiction name as entry element | Knight Frank |
| 9 (RLIN) | 1530 |
| 245 00 - TITLE STATEMENT | |
| Title | 2012 European logistics and industrial market report |
| Medium | [electronic resource] |
| 260 ## - PUBLICATION, DISTRIBUTION, ETC. | |
| Date of publication, distribution, etc. | 2012 |
| 490 #0 - SERIES STATEMENT | |
| Series statement | Knight Frank European Logistics and Industrial Market Report |
| Volume/sequential designation | 2012 |
| 520 ## - SUMMARY, ETC. | |
| Summary, etc. | Prime logistics rents have remained broadly unchanged in the majority of European markets since the start of 2011. Investment volumes have eased with around Euros 5.2bn of industrial and logistics property transacted in Europe during H1 2012, 24% less than in the same period of 2011. Speculative development activity continues to be scarce across Europe with developers remaining reluctant to commence new schemes without pre-lets in place. |
| 590 ## - LOCAL NOTE (RLIN) | |
| Local note | NTK KA |
| 650 24 - SUBJECT ADDED ENTRY--TOPICAL TERM | |
| Topical term or geographic name entry element | KNIGHT FRANK EUROPEAN LOGISTICS AND INDUSTRIAL MARKET REPORT |
| 651 #4 - SUBJECT ADDED ENTRY--GEOGRAPHIC NAME | |
| Geographic name | Europe |
| 690 ## - LOCAL SUBJECT ADDED ENTRY--TOPICAL TERM (OCLC, RLIN) | |
| Topical term or geographic name as entry element | Commercial property |
| 9 (RLIN) | 6227 |
| 856 40 - ELECTRONIC LOCATION AND ACCESS | |
| Uniform Resource Identifier | <a href="https://my.knightfrank.com/research/?regionid=6">https://my.knightfrank.com/research/?regionid=6</a> |
| Public note | View the report free of charge (highlight Europe and Commercial links in the refine box, then click on title link) at www.knightfrank.com |
| 942 ## - ADDED ENTRY ELEMENTS (KOHA) | |
| Suppress in OPAC | 0 |
| Withdrawn status | Lost status | Source of classification or shelving scheme | Damaged status | Not for loan | Home library | Current library | Shelving location | Date acquired | Total Checkouts | Full call number | Barcode | Date last seen | Copy number | Price effective from | Koha item type |
|---|---|---|---|---|---|---|---|---|---|---|---|---|---|---|---|
| Dewey Decimal Classification | Virtual | Virtual | Online | 05/10/2012 | ONLINE PUBLICATION | 157248-2001 | 06/08/2019 | 1 | 06/08/2019 | Book |